000
00334pab a2200145 454500
008
180718b1990 xxu||||| |||| 00| 0 eng d
100
_a
Ojha, P.D.
245
_a
Service area approach - A new challenge for banks
260
_c
1990
300
_a
59-63
362
_a
Jan.
650
_a
Banks
773
_a
RBI Bulletin
909
_a
4581
999
_c
4581
_d
4581